[Event "GER-chT U14"]
[Site "Regensburg"]
[Date "2014.12.29"]
[Round "6.3"]
[White "Lellek, Lewin Louis"]
[Black "Browning, Rebecca"]
[Result "0-1"]
[WhiteElo "1563"]
[BlackElo "1471"]
[PlyCount "144"]
[EventDate "2014.12.27"]
[EventType "team-swiss"]
[EventRounds "7"]
[EventCountry "GER"]
[SourceTitle "EXT 2016"]
[Source "ChessBase"]
[SourceDate "2015.10.08"]
[SourceVersion "1"]
[SourceVersionDate "2015.10.08"]
[SourceQuality "1"]
[WhiteTeam "Magdeburg Aufbau Elbe"]
[BlackTeam "Halver Schalksmuehle"]
[WhiteTeamCountry "GER"]
[BlackTeamCountry "GER"]

1. e4 e6 2. d4 b6 3. Nc3 Bb7 4. a3 Be7 5. Bd3 d6 6. Nf3 Nd7 7. 0-0 Ngf6 8. Re1 h6 9. Bf4 0-0 10. Qd2 Nh5 11. Be3 Nhf6 12. Rad1 c5 13. h3 a6 14. Qe2 Qc7 15. Bd2 b5 16. b3 Nb6 17. e5 Nfd5 18. Nxd5 Nxd5 19. c4 bxc4 20. bxc4 Nb6 21. Rb1 Nd7 22. Bf4 Rfb8 23. Be4 Nb6 24. Bxb7 Rxb7 25. Qe4 Rab8 26. Nd2 d5 27. cxd5 Nxd5 28. Rxb7 Rxb7 29. Rc1 Nxf4 30. Qxf4 Bg5 31. Qe4 Bxd2 32. Rxc5 Qb8 33. Qc2 Rb1+ 34. Kh2 Bf4+ 35. g3 Bxg3+ 36. Kxg3 Qb3+ 37. Qc3 Qxc3+ 38. Rxc3 Rd1 39. Rc8+ Kh7 40. Ra8 Rd3+ 41. f3 Rxa3 42. Kf4 Ra4 43. Ke4 Ra1 44. Kf4 a5 45. Ke4 a4 46. Kf4 a3 47. Ke3 a2 48. Kf4 g5+ 49. Ke3 Re1+ 50. Kd3 a1Q 51. Rxa1 Rxa1 52. Ke4 Rh1 53. d5 exd5+ 54. Kxd5 Rxh3 55. Ke4 Kg6 56. f4 Rh4 57. Kf3 Rxf4+ 58. Kg3 Re4 59. Kf3 Rxe5 60. Kg4 f5+ 61. Kg3 Re3+ 62. Kf2 Ra3 63. Kg2 h5 64. Kf2 h4 65. Kg2 g4 66. Kf2 h3 67. Kg1 g3 68. Kf1 f4 69. Ke2 h2 70. Kd2 h1Q 71. Ke2 Qh2+ 72. Kf1 Ra1# 0-1

[Event "GER-chT U14"]
[Site "Regensburg"]
[Date "2014.12.28"]
[Round "3.3"]
[White "Lellek, Lewin Louis"]
[Black "Tschammer, Kai"]
[Result "1/2-1/2"]
[WhiteElo "1563"]
[BlackElo "1581"]
[PlyCount "66"]
[EventDate "2014.12.27"]
[EventType "team-swiss"]
[EventRounds "7"]
[EventCountry "GER"]
[SourceTitle "EXT 2018"]
[Source "ChessBase"]
[SourceDate "2017.10.13"]
[SourceVersion "1"]
[SourceVersionDate "2017.10.13"]
[SourceQuality "1"]
[WhiteTeam "Magdeburg Aufbau Elbe"]
[BlackTeam "Erlangen"]
[WhiteTeamCountry "GER"]
[BlackTeamCountry "GER"]

1. e4 e5 2. Nf3 Nc6 3. Bc4 Nf6 4. Ng5 d5 5. exd5 Na5 6. Bb5+ c6 7. dxc6 bxc6 8. Qf3 Rb8 9. Bd3 Bd6 10. 0-0 Bg4 11. Qe3 Nd5 12. Qg3 Qxg5 13. f3 Rb4 14. Nc3 Qh5 15. Ne4 Bc7 16. fxg4 Qh6 17. a3 Rb8 18. b4 Nb7 19. Bb2 Nf4 20. Rae1 0-0 21. Nf2 e4 22. g5 Qe6 23. Rxe4 Ne2+ 24. Rxe2 Bxg3 25. Rxe6 Bxf2+ 26. Rxf2 fxe6 27. Re2 Rbe8 28. Bd4 a5 29. Ba6 Rf7 30. c3 Rc7 31. bxa5 Nxa5 32. Bb6 Rd7 33. d4 Ra8 1/2-1/2

[Event "GER-chT U14"]
[Site "Regensburg"]
[Date "2014.12.27"]
[Round "2.3"]
[White "Keyser, Philipp"]
[Black "Lellek, Lewin Louis"]
[Result "1-0"]
[WhiteElo "1571"]
[BlackElo "1563"]
[PlyCount "145"]
[EventDate "2014.12.27"]
[EventType "team-swiss"]
[EventRounds "7"]
[EventCountry "GER"]
[SourceTitle "EXT 2016"]
[Source "ChessBase"]
[SourceDate "2015.10.08"]
[SourceVersion "1"]
[SourceVersionDate "2015.10.08"]
[SourceQuality "1"]
[WhiteTeam "Eppendorf Johanneum"]
[BlackTeam "Magdeburg Aufbau Elbe"]
[WhiteTeamCountry "GER"]
[BlackTeamCountry "GER"]

1. e4 e5 2. Nf3 Nc6 3. Bb5 a6 4. Ba4 Nf6 5. d3 Bc5 6. c3 d6 7. 0-0 Bg4 8. Re1 0-0 9. Nbd2 Ne7 10. Nf1 Ng6 11. h3 Be6 12. Ng3 b5 13. Bc2 Re8 14. Be3 Ba7 15. Bxa7 Rxa7 16. d4 c6 17. dxe5 dxe5 18. Qxd8 Rxd8 19. a3 Rad7 20. Rad1 Rxd1 21. Rxd1 Rxd1+ 22. Bxd1 Kf8 23. Kf1 Ke7 24. Nf5+ Kf8 25. Bc2 Nd7 26. Ne3 f6 27. b4 Nb6 28. h4 Ne7 29. g3 h6 30. Ke2 Nec8 31. Nd2 Nd6 32. Bd3 Na4 33. Nd1 Ke7 34. Bc2 Nb6 35. Ne3 g6 36. f4 Nd7 37. f5 Bf7 38. fxg6 Bxg6 39. Kf3 h5 40. a4 Kd8 41. a5 Kc7 42. g4 Kd8 43. Nf5 Nxf5 44. exf5 Bf7 45. g5 fxg5 46. hxg5 Bd5+ 47. Kg3 Ke8 48. Kh4 Kf8 49. Kxh5 Kg7 50. Ne4 Bf7+ 51. g6 Bd5 52. f6+ Nxf6+ 53. Nxf6 Kxf6 54. Kg4 e4 55. Kf4 Kxg6 56. Bxe4+ Bxe4 57. Kxe4 Kf6 58. Kd4 Ke6 59. Kc5 Kd7 60. Kb6 Kd6 61. Kxa6 c5 62. Kxb5 cxb4 63. cxb4 Kc7 64. Kc5 Kb7 65. b5 Kc7 66. a6 Kb8 67. Kb6 Ka8 68. Kc7 Ka7 69. b6+ Ka8 70. b7+ Ka7 71. b8Q+ Kxa6 72. Qb4 Ka7 73. Qa5# 1-0

[Event "GER-chT North U14"]
[Site "Magdeburg"]
[Date "2014.09.12"]
[Round "3.12"]
[White "Buchloh, Falk"]
[Black "Lellek, Lewin Louis"]
[Result "0-1"]
[WhiteElo "1450"]
[BlackElo "1478"]
[PlyCount "62"]
[EventDate "2014.09.11"]
[EventType "team-swiss"]
[EventRounds "7"]
[EventCountry "GER"]
[SourceTitle "EXT 2016"]
[Source "ChessBase"]
[SourceDate "2015.10.08"]
[SourceVersion "1"]
[SourceVersionDate "2015.10.08"]
[SourceQuality "1"]
[WhiteTeam "Hagen"]
[BlackTeam "Magdeburg Aufbau Elbe"]
[WhiteTeamCountry "GER"]
[BlackTeamCountry "GER"]

1. d4 Nf6 2. Nc3 d5 3. Bg5 Nbd7 4. Nf3 g6 5. e3 Bg7 6. Bd3 0-0 7. Qd2 b6 8. e4 dxe4 9. Nxe4 Bb7 10. Ng3 c5 11. Ne2 cxd4 12. Bb5 Ne4 13. Qf4 Nxg5 14. Qxg5 e5 15. Bxd7 Qxd7 16. 0-0 Bxf3 17. gxf3 Qc6 18. Qd2 Qxf3 19. Ng3 f5 20. Rae1 f4 21. Ne4 Rf5 22. Qd3 Qg4+ 23. Kh1 f3 24. Ng3 Qh3 25. Rg1 Rf4 26. Qb5 Raf8 27. Re4 h6 28. Rxf4 Rxf4 29. Qe8+ Kh7 30. Ne4 Rg4 31. Ng3 Qxh2+ 0-1

[Event "GER-chT U14"]
[Site "Magdeburg"]
[Date "2013.12.27"]
[Round "2.4"]
[White "Lellek, Lewin Louis"]
[Black "Schmidt, Bjarne"]
[Result "1-0"]
[WhiteElo "1270"]
[BlackElo "1394"]
[PlyCount "79"]
[EventDate "2013.12.27"]
[EventType "team-swiss"]
[EventRounds "4"]
[EventCountry "GER"]
[SourceTitle "EXT 2015"]
[Source "ChessBase"]
[SourceDate "2014.11.20"]
[SourceVersion "1"]
[SourceVersionDate "2014.11.20"]
[SourceQuality "1"]
[WhiteTeam "Magdeburg Aufbau Elbe"]
[BlackTeam "Bremen Nord"]
[WhiteTeamCountry "GER"]
[BlackTeamCountry "GER"]

1. e4 d6 2. d4 Nf6 3. Nc3 g6 4. Be3 Bg7 5. Bc4 a6 6. f3 b5 7. Bb3 Bb7 8. Qd2 Nbd7 9. Nce2 Rc8 10. Ng3 c5 11. c3 cxd4 12. cxd4 Nb6 13. N1e2 Nc4 14. Bxc4 Rxc4 15. b3 Rc8 16. 0-0 0-0 17. Rac1 Qd7 18. Bh6 d5 19. e5 Ne8 20. h3 Nc7 21. f4 Bxh6 22. Qd3 Na8 23. Rxc8 Rxc8 24. f5 e6 25. f6 a5 26. Nh1 a4 27. g4 axb3 28. axb3 Nc7 29. h4 Na6 30. g5 Bf8 31. h5 Nb4 32. Qh3 Rc7 33. hxg6 fxg6 34. f7+ Kh8 35. Nhg3 Qd8 36. Rf6 Bg7 37. Rf2 Bf8 38. Qh4 Nc2 39. Nf4 Kg7 40. Nxe6+ 1-0

[Event "GER-chT North U14"]
[Site "Magdeburg"]
[Date "2012.09.08"]
[Round "6.3"]
[White "Rieper, Julian"]
[Black "Lellek, Lewin Louis"]
[Result "1-0"]
[WhiteElo "1525"]
[BlackElo "1158"]
[PlyCount "77"]
[EventDate "2012.09.06"]
[EventType "team-swiss"]
[EventRounds "7"]
[EventCountry "GER"]
[SourceTitle "EXT 2015"]
[Source "ChessBase"]
[SourceDate "2014.11.20"]
[SourceVersion "1"]
[SourceVersionDate "2014.11.20"]
[SourceQuality "1"]
[WhiteTeam "Kiel Doppelbauer"]
[BlackTeam "Magdeburg Aufbau Elbe"]
[WhiteTeamCountry "GER"]
[BlackTeamCountry "GER"]

1. e4 e5 2. Nf3 Nc6 3. Bb5 d6 4. d4 Bd7 5. Nc3 Nf6 6. 0-0 Be7 7. Re1 0-0 8. d5 Nb8 9. Bxd7 Nbxd7 10. Be3 c6 11. h3 Qc7 12. g4 Rac8 13. g5 Nh5 14. Nxe5 g6 15. Ng4 Rfe8 16. Rc1 Ne5 17. Nxe5 dxe5 18. dxc6 Qxc6 19. Nd5 Rcd8 20. Nxe7+ Rxe7 21. Qxd8+ Re8 22. Qd5 Qc8 23. Kh2 Nf4 24. Bxf4 exf4 25. Qd6 f3 26. Qf4 Qb8 27. Qxb8 Rxb8 28. Kg3 Rf8 29. e5 Kg7 30. Kxf3 f6 31. exf6+ Kf7 32. Re7+ Kg8 33. Rxb7 Ra8 34. Rd1 a5 35. Rdd7 a4 36. Rg7+ Kf8 37. Rxh7 Kg8 38. Rbg7+ Kf8 39. Rh8# 1-0

[Event "GER-chT North U14"]
[Site "Magdeburg"]
[Date "2012.09.06"]
[Round "1.4"]
[White "Lellek, Lewin Louis"]
[Black "Milerman, Vladimir"]
[Result "1-0"]
[WhiteElo "1158"]
[BlackElo "1286"]
[PlyCount "23"]
[EventDate "2012.09.06"]
[EventType "team-swiss"]
[EventRounds "7"]
[EventCountry "GER"]
[SourceTitle "EXT 2015"]
[Source "ChessBase"]
[SourceDate "2014.11.20"]
[SourceVersion "1"]
[SourceVersionDate "2014.11.20"]
[SourceQuality "1"]
[WhiteTeam "Magdeburg Aufbau Elbe"]
[BlackTeam "Bremen Ost"]
[WhiteTeamCountry "GER"]
[BlackTeamCountry "GER"]

1. e4 e5 2. Nf3 Nc6 3. Bc4 Nf6 4. Ng5 d5 5. exd5 Nxd5 6. Nxf7 Kxf7 7. Qf3+ Ke6 8. Nc3 Nd4 9. Bxd5+ Kd6 10. Qf7 Nxc2+ 11. Kf1 c6 12. Ne4# 1-0